Capitals of Europe in 1870 - Statistics

General Stats
  • This quiz has been taken 1,429 times
  • The average score is 26 of 30
Answer Stats
Country City % Correct
Greece Athens
98%
France Paris
98%
Papal States Rome
98%
Austria-Hungary Vienna
98%
Belgium Brussels
97%
Denmark Copenhagen
97%
United Kingdom London
97%
Spain Madrid
97%
Netherlands Amsterdam
96%
Switzerland Bern
96%
Austria-Hungary Budapest
96%
Sweden-Norway Christiania
96%
Portugal Lisbon
96%
Luxembourg Luxembourg
96%
Monaco Monaco
96%
Russia Saint Petersburg
95%
San Marino San Marino
95%
Sweden-Norway Stockholm
95%
Bavaria Munich
94%
Romania Bucharest
93%
Ottoman Empire Constantinople
93%
Serbia Belgrade
90%
North German Confederation Berlin
90%
Andorra Andorra la Vella
88%
Liechtenstein Vaduz
86%
Italy Florence
70%
Württemberg Stuttgart
59%
Baden Karlsruhe
20%
Hesse Darmstadt
16%
Montenegro Cetinje
15%
No matching quizzes found
Score Distribution
Percent of People with Each Score
Percentile by Number Answered
Your Score History
You have not taken this quiz